| LEADER | 00529nam a2200205Ia 4500 | ||
|---|---|---|---|
| 001 | CTU_89410 | ||
| 008 | 210402s9999 xx 000 0 und d | ||
| 082 | |a 940.542 | ||
| 082 | |b T473 | ||
| 100 | |a Thompson, Paul W. | ||
| 245 | 0 | |a Modern battle | |
| 245 | 0 | |c Lieutenant Colonel Paul W. Thompson | |
| 260 | |a Washington | ||
| 260 | |b Infantry Journal | ||
| 260 | |c 1942 | ||
| 650 | |a World war | ||
| 650 | |x Campaigns | ||
| 650 | |y 1939-1945 | ||
| 904 | |i Bằng | ||
| 980 | |a Trung tâm Học liệu Trường Đại học Cần Thơ | ||